000 00346nam a22001337a 4500
020 _a0195675282
082 _222
_a808.042
100 _aMounsey, Chris.
245 _aOne step ahead.
_bEssays and dissertations /
250 _aNA
260 _aNew Delhi,
_bOxfort University Press,
_cc2008.
300 _a128 p. ;
_bill. ;
_c24 cm.
942 _2ddc
_cGEN
999 _c1159
_d1159